Statistics for Name The Countries By First 4 Alphabetical Letters

Click here to take the quiz!

General Stats

  • This quiz has been taken 19 times
    (17 since last reset)
  • The average score is 7 of 10

Answer Stats

LettersAnswer% Correct
ADSUSUDAN
87%
DLMOMOLDOVA
87%
AABHBAHAMAS
80%
BIMZZIMBABWE
80%
AMORROMANIA
67%
AAPRPARAGUAY
67%
AABLALBANIA
60%
GMNOMONGOLIA
60%
IIKRKIRIBATI
60%
BILOBOLIVIA
53%

Score Distribution

Percentile by Number Answered

Percent of People with Each Score

Your Score History

You have not taken this quiz since the last reset